L'école nouvelle; (Record no. 18986)

MARC details
000 -LEADER
fixed length control field 00546cam a2200181 a 4500
001 - CONTROL NUMBER
control field e 10000986
003 - CONTROL NUMBER IDENTIFIER
control field DLC
005 - DATE AND TIME OF LATEST TRANSACTION
control field 20260227111153.0
008 - FIXED-LENGTH DATA ELEMENTS--GENERAL INFORMATION
fixed length control field 990524s1904 fr 000 0 fre
010 ## - LIBRARY OF CONGRESS CONTROL NUMBER
LC control number e 10000986
040 ## - CATALOGING SOURCE
Original cataloging agency DLC
Transcribing agency EYM
Modifying agency DLC
050 00 - LIBRARY OF CONGRESS CALL NUMBER
Classification number LB775.E55
Item number E48 1904
100 1# - MAIN ENTRY--PERSONAL NAME
Personal name Elslander, J. F.,
Dates associated with a name 1865-
245 12 - TITLE STATEMENT
Title L'école nouvelle;
Remainder of title esquisse d'une éducation basée sur les lois de l'évolution humaine.
260 ## - PUBLICATION, DISTRIBUTION, ETC.
Place of publication, distribution, etc. Paris [etc.]
Name of publisher, distributor, etc. J. Lebègue & cie
Date of publication, distribution, etc. [1904?]
300 ## - PHYSICAL DESCRIPTION
Extent 2 p. l., 275 p. ;
Dimensions 23cm.
650 #0 - SUBJECT ADDED ENTRY--TOPICAL TERM
Topical term or geographic name entry element Education.

No items available.

Powered by Koha